Word Ladder: KISS Hit Quiz Stats

 Plays Quiz Updated Jan 22, 2018

Challenge
Share
Tweet
Embed
Score 0/15 Timer 02:00
2 Plays Today
Hint 4-Letter Word % Correct
First name of Rolling Stones frontmanMICK
93.8%
Part in a playROLE
93.8%
1975 KISS hit: ____ And ____ All ____ROLL
93%
Ferris wheel or roller coaster, e.g.RIDE
92.4%
1975 KISS hit: ____ And ____ All ____ROCK
91.1%
Make fun of, or a type of trialMOCK
91.1%
Ill-manneredRUDE
90.3%
Regulation, or a carpenter's toolRULE
89.2%
Hint 4-Letter Word % Correct
Sampling of opinionsPOLL
87.2%
Construction localeSITE
87%
Pro or con, in a debateSIDE
86.9%
Medicinal morselPILL
86.2%
Half of half-and-halfMILK
84.3%
Word that goes with paper or pepperMILL
82.5%
1975 KISS hit: ____ And ____ All ____NITE
81.2%

Today's Daily Dose

You're not logged in!

Compare scores with friends on all Sporcle quizzes.
OR
Log In

You Might Also Like...

Show Comments

Extras

Top Quizzes Today


Score Distribution

Your Account Isn't Verified!

In order to create a playlist on Sporcle, you need to verify the email address you used during registration. Go to your Sporcle Settings to finish the process.

Report this User

Report this user for behavior that violates our Community Guidelines.

Details: